| 000 | 00663nam a2200181 a 4500 | ||
|---|---|---|---|
| 001 | BRCA_606 | ||
| 005 | 20190320203100.0 | ||
| 008 | 001219s1998 fr-a---###---#000-0#fre-# | ||
| 020 | _a2906647306 | ||
| 050 | 4 |
_aTS542 _b.T74 1998 |
|
| 245 | 1 | 0 |
_aTrésors D´Horlogerie _ble Temps et sa Mesure du Moyen Age à la Renaissance. |
| 260 |
_aAviñón, Francia _bRMG-Palais des Papes _c1998 |
||
| 300 |
_a119 p. _bil. a color _c29 cm. |
||
| 500 | _aCatálogo de la exposición realizada en el Palais des Papes (Avignon), 30 mayo - 27 septiembre, 1998 | ||
| 650 | 1 | 4 |
_aRelojes _vExposiciones _xHistoria _zEuropa _92076 |
| 650 | 1 | 4 |
_aRelojes _xObras maestras _92077 |
| 942 |
_2lcc _cB |
||
| 999 |
_c532 _d532 |
||